Quizzes
Events
Quiz Creation
Community
Videos
Private Events
Remove Ads
Sign In
Join for FREE
Feedback
Dark Mode
Quiz Categories
Sports
Geography
Music
Movies
Television
Just For Fun
Miscellaneous
History
Literature
Language
Science
Gaming
Entertainment
Religion
Holiday
For Kids
Quiz Lab
Recent
Popular Today
Quiz Kudos Today
Editor Picks
Curator Picks
Quizzes by...
Day
Popularity
Type
Ratings
Length
Year
Community
Subscriptions
Recent Discussions
Orange Saloon
Badges
Playlists
Quests
Create
Leaderboards
Showdown
Live 5
Trivia Bingo
Activity
Puzzle Library
Sporcle Events
Private Events
Virtual Trivia
Globe League
Become a Host
Pub Owners
SporcleCon
Opinionation
Our Games
Videos
Blog
Mobile Apps
Partnerships
Remove Ads and Go Orange
Feedback
Sports
Athletes
MLB
NBA
NHL
NFL
Soccer
Sports Teams
WWE
NCAA
Football
Premier League
Basketball
Baseball
Hockey
Golf
Tennis
Cricket
Rugby
Auto Racing
Olympics
World Cup
Sports
Athletes
MLB
NBA
NHL
NFL
Soccer
Sports Teams
WWE
NCAA
Football
Premier League
Basketball
Baseball
Hockey
Golf
Tennis
Cricket
Rugby
Auto Racing
Olympics
World Cup
Random Quiz
Search Sporcle
×
Quiz Lab
Quiz Lab
Sports
Pitchers
Type in answers that appear in a list
Type in answers that appear in a list
Classic
Best Score? Go Orange.
Career Earned Run Average Stats
Can you name the pitchers with the best career earned run average?
By
Matthewconte
8m
30 Questions
205 Plays
205 Plays
205 Plays
Comments
Comments
Give Quiz Kudos
Give Quiz Kudos
-
- Ratings
hide this ad
More Info
Replay
Link that replays current quiz
Next Quiz
Link to next quiz in quiz playlist
You Got
0%
They Got
Avg Score
24%
Avg Friend Score
Upgrade to see
Score Distribution
Jump to the score distribution portion of the page
Score
0/30
Timer
08:00
0
Plays Today
ERA
Player
% Correct
Dead Ball Era
Walter Johnson
84.4%
Live Ball Era
Sandy Koufax
79%
Dead Ball Era
Christy Mathewson
76.6%
Live Ball Era
Tom Seaver
57.6%
Live Ball Era
Mariano Rivera
56.1%
Live Ball Era
Whitey Ford
49.8%
Live Ball Era
Jim Palmer
46.3%
Dead Ball Era
Ed Walsh
39%
Dead Ball Era
Addie Joss
39%
Live Ball Era
Trevor Hoffman
32.2%
Dead Ball Era
Rube Waddell
28.3%
Dead Ball Era
Smoky Joe Wood
27.3%
Live Ball Era
Hoyt Wilhelm
23.4%
Live Ball Era
Bruce Sutter
20%
Dead Ball Era
Al Spalding
11.2%
ERA
Player
% Correct
Dead Ball Era
Will White
8.8%
Live Ball Era
Dan Quisenberry
8.8%
Dead Ball Era
Orval Overall
8.3%
Dead Ball Era
Monte Ward
7.8%
Live Ball Era
Sparky Lyle
7.8%
Dead Ball Era
Tommy Bond
5.9%
Live Ball Era
Kent Tekulve
5.4%
Dead Ball Era
Jim Devlin
4.9%
Live Ball Era
John Hiller
4.4%
Live Ball Era
Spud Chandler
3.9%
Live Ball Era
Andy Messersmith
3.9%
Dead Ball Era
Mordecai Three-Finger Brown
2%
Dead Ball Era
Jake Weimer
1.5%
Dead Ball Era
Jack Pfiester
1%
Live Ball Era
Ron Perranoski
1%
Quiz Playlist
Details
Report
Send in Message
Add To Playlist
More Info:
The Live Ball Era is 1919-Present and the Dead Ball Era is anything before that
Classic:
Type in answers that appear in a list
Last Updated: Feb 16, 2017
Quiz Scoreboard
CHALLENGE
Sign Up to Join the Scoreboard
Show All
Scores
Hide
Comments
May contain spoilers
Recently Published
College Basketball Coaching Resumes
by pancakes188
Sports
9m
Billboard Blitz: Fleetwood Mac
by CooCooCachoo
Music
15s
Presidents Visiting Landmarks
by Hejman
History
7m
More to Explore
Quiz From the Vault
Featured Blog Post
Where Did the Easter Bunny Come From?
hide this ad
You Might Also Like...
Tags
Average
Career
Earned
Era
Pitchers
Player
run
Today's Top Quizzes in Sports
Browse Sports
hide this ad
Today's Top Quizzes in Pitchers
Browse Pitchers
Top Contributed Quizzes in Sports
1
2022 World Cup Stars
2
Les meilleurs buteurs des matchs entre le PSG et l’OM
3
FIFA Club World Cup Champions
4
Les entraîneurs de l'OM et du PSG au 21e siècle
5
Criteria MLB: Left Handed Sluggers
6
AFC Teams Reveal (Wrong Answers Minefield)
7
5-to-1: UK Sports Teams
8
5-to-1: FBS Animal Nicknames
9
2023 MLB Unique Player Accomplishments
10
Name the Premier League winners with different clubs
Explore More
Trending Topics
Harry Potter
Anime
Kpop
Disney
NBA
Marvel
Crossword
WWE
Song
The Office
NFL
Country
Puzzle
Pokémon
Soccer
hide this ad
More By:
Matthewconte
Quiz
Plays
Rating
Category
Featured
Created
Father and Son Musicians
60,572
4.16
Music
Feb 1, 2010
Find the MLB Players
3,667
4.49
Sports
Apr 21, 2010
50 home runs 140 RBI
2,793
3.55
Sports
Mar 15, 2010
Most 100 RBI Teammates
1,817
3.25
Sports
Nov 1, 2010
Most Career Home Runs Without a 40 HR Season
1,482
4.75
Sports
May 3, 2018
Go to Creator's Profile
Score Distribution
Quiz Creator Spotlight
Matthewconte
Follow
Send a Message
Quizzes Created
-
Created Quiz Play Count
-
More By This Creator
Popular Quizzes Today
1
Find the US States - No Outlines Minefield
2
Find the Countries of Europe - No Outlines Minefield
3
The Countries of the World
4
Find the US States
5
Risky Map Clicking: Biggest States A-Z
6
US States
7
Popular People in 1961
8
Movies - When Are They Set?
More Sports Quizzes
2022 NBA Starting Lineups Alma Maters
Quiz Lab
Trending Quizzes
Risky Map Clicking: Least Populous States A-Z
1-10 Letter G Words
1-10 Letter F Words
Risky Map Clicking: Next State Alphabetically
Risky Map Clicking: Biggest States A-Z
Recently Updated
Leaping Animals
pecheneg
Reality TV Shows (A-Z)
bhenderson79
Rickey Henderson's Hall of Fame Teammates
pecheneg
Champions League XIs: Arsenal
pecheneg
Quick Pick: Celebrities in WWE's Hall of Fame
aduchscher
A-Z Keypad Blitz II
pecheneg
Multiple Oscar Actors
pecheneg
Mystery Phrase Blitz: Oscar 'Best Actors'
pecheneg
F. Scott Fitzgerald Novels
LTH
Pick 3 Villains
ddd62291
Trending Topics
Disney
Anime
Crossword
Kpop
NBA
Marvel
Harry Potter
Country
The Office
Song
Puzzle
Soccer
Pokémon
WWE
NFL
Your Account Isn't Verified!
In order to create a playlist on Sporcle, you need to verify the email address you used during registration. Go to your
Sporcle Settings
to finish the process.
Report this User
Report this user for behavior that violates our
Community Guidelines
.
Details:
Send Report
Go to the Sporcle.com Mobile Site →
Comments